000 00374nam a22001217a 4500
020 _a978-81-8441-036-5
082 _a310
_bINS/Q
100 _aINSTITUTE OF CHARTERED ACCOUNTANTS OF INDIA
245 _aQUANTITATIVE APTITUDE
_bCOMMON PROFICIENCY TEST
260 _aDELHI
_bINSTITUTE OF CHARTERED ACCOUNTANTS OF INDIA
_c2011
650 _aCOMMON PROFIRNCY TEST
_zINDIA
942 _cBK
999 _c1706
_d1706